ბათუმის შოთა რუსთაველის სახელმწიფო უნივერსიტეტის ბიბლიოთეკა

ქართული სახელმწიფოებრიობის დაქვეითება (XIII საუკუნე) და მისი მიზეზები / (ბიბ.ჩანაწერი № 40754)

000 -ლიდერი
ფიქსირებული სიგრძის საკონტროლო ველი 01185nam a2200241Ia 4500
001 - საკონტროლო ნომერი
საკონტროლო ველი 7393
003 - საკონტროლო ნომრის იდენტიფიკატორი
საკონტროლო ველი GE_BSU
005 - ბოლო ოპერაციის თარიღი და დრო
საკონტროლო ველი 20191223171012.0
008 - ფიქსირებული სიგრძის მონაცემთა ელემენტები - ზოგადი ინფორმაცია
ფიქსირებული სიგრძის საკონტროლო ველი 181216s2013||||ge |||||||||||||| ||geo||
020 ## - წიგნის საერთაშორისო სტანდარტული ნომერი
International Standard Book Number 9789941434297
040 ## - კატალოგიზაციის წყარო
Transcribing agency GE_BSU
041 ## - ენის კოდი
Language code of text/sound track or separate title geo
080 ## - უნივერსალური ათობითი კლასიფიკაციის ინდექსი
Universal Decimal Classification number 321(479.22)+94(479.22) მ-25
100 ## - მთავარი ჩანაწერი - პიროვნების სახელი
Personal name მამულაიშვილი, ჯაბა
9 (RLIN) 5926
245 ## - ცნობა სათაურის შესახებ
Title ქართული სახელმწიფოებრიობის დაქვეითება (XIII საუკუნე) და მისი მიზეზები /
Statement of responsibility, etc მამულაიშვილი ჯაბა ; რედ. ნანა ხახუტაიშვილი.
264 ## - წარმოების, გამოცემის, დისტრიბუციის და სხვა ცნობები
გამოცემის, წარმოების, დისტრიბუციის... ადგილი ბათუმი :
გამოცემის, წარმოების, დისტრიბუციის... სახელწოდება შოთა რუსთაველის სახ. უნ-ტი,
გამოცემის, წარმოების, დისტრიბუციის... თარიღი 2013.
300 ## - ფიზიკური აღწერა
Extent 100 გვ.;
Other physical details 22 სმ.
504 ## - BIBLIOGRAPHY, ETC. NOTE
Bibliography, etc ბიბლიოგრ.: გვ. 96-99.
653 ## - INDEX TERM--UNCONTROLLED
Uncontrolled term ქართული სახელმწიფოებრიობა
653 ## - INDEX TERM--UNCONTROLLED
Uncontrolled term საქართველოს ისტორია
700 ## - ADDED ENTRY--PERSONAL NAME
Personal name ხახუტაიშვილი, ნანა
Relator term რედაქტორი
9 (RLIN) 5927
942 ## - ADDED ENTRY ELEMENTS (KOHA)
Koha item type წიგნი
Source of classification or shelving scheme
ეგზემპლარები
ჩამოწერის სტატუსი დაკარგული ეგზემპლარის სტატუსი კლასიფიკაციის წყარო ან თაროზე გაწყობის სქემა დაზიანების სტატუსი არ გაიცემა მუდმივი მდებარეობა (დაცვის ადგილი) ამჟამინდელი ადგილსამყოფელი თაროზე განთავსების ადგილი შეძენის თარიღი ღირებულება, შესყიდვის ნორმალური ფასი სრული შენახვის შიფრი შტრიხკოდი ბოლო ოპერაციის თარიღი ეგზემპლარის მიმდევრობითი ნომერი (კეტერი?) ფასის ძალაში შესვლის თარიღი ეგზემპლარის სახეობა საჯარო შენიშვნა
          ბათუმის შოთა რუსთაველის სახელმწიფო უნივერსიტეტის მთავარი ბიბლიოთეკა ბათუმის შოთა რუსთაველის სახელმწიფო უნივერსიტეტის მთავარი ბიბლიოთეკა წიგნსაცავი 2018-12-17 4.10 321(479.22)+94(479.22) მ-25 7166 2018-12-17 7166 2018-12-17 წიგნი 4 ლ. 10 თ.
          ბათუმის შოთა რუსთაველის სახელმწიფო უნივერსიტეტის მთავარი ბიბლიოთეკა ბათუმის შოთა რუსთაველის სახელმწიფო უნივერსიტეტის მთავარი ბიბლიოთეკა წიგნსაცავი 2018-12-17 4.10 321(479.22)+94(479.22) მ-25 7167 2018-12-17 7167 2018-12-17 წიგნი 4 ლ. 10 თ.
          ბათუმის შოთა რუსთაველის სახელმწიფო უნივერსიტეტის მთავარი ბიბლიოთეკა ბათუმის შოთა რუსთაველის სახელმწიფო უნივერსიტეტის მთავარი ბიბლიოთეკა წიგნსაცავი 2018-12-17 4.10 321(479.22)+94(479.22) მ-25 7168 2018-12-17 7168 2018-12-17 წიგნი 4 ლ. 10 თ.
          ბათუმის შოთა რუსთაველის სახელმწიფო უნივერსიტეტის მთავარი ბიბლიოთეკა ბათუმის შოთა რუსთაველის სახელმწიფო უნივერსიტეტის მთავარი ბიბლიოთეკა წიგნსაცავი 2018-12-17 4.10 321(479.22)+94(479.22) მ-25 7169 2018-12-17 7169 2018-12-17 წიგნი 4 ლ. 10 თ.
          ბათუმის შოთა რუსთაველის სახელმწიფო უნივერსიტეტის მთავარი ბიბლიოთეკა ბათუმის შოთა რუსთაველის სახელმწიფო უნივერსიტეტის მთავარი ბიბლიოთეკა წიგნსაცავი 2018-12-17 4.10 321(479.22)+94(479.22) მ-25 7170 2018-12-17 7170 2018-12-17 წიგნი 4 ლ. 10 თ.